• 首页
  • 本馆介绍
  • 公告通知
  • 最新文献
  • 馆藏检索
  • 电子资源
  • 读者导购
  • 参考咨询
  • 我的图书馆
  • 登录
  • 详细信息显示
  • 放入我的书架
  • 预约/预借图书
  • 作者相关作品
  • 分类相关作品
  • 丛书相关作品
  • 出版社相关作品

书目信息

  • 表格格式
  • 工作单格式
  • 卡片格式
题名:
农田基本建设基础知识问答
    
 
作者: ;水利电力部科学技术情报研究所 主编
分册:  
出版信息: 北京   中国青年出版社  1979
页数: 404页
开本: 19cm
丛书名:
单 册:
中图分类: S28
科图分类:
主题词: 农田基本建设--基本知识
电子资源:
ISBN: 16009.53
000 00728nam0 2200229 450
001 0179004183
005 20100712215551.0
010    @a16009.53@dCNY0.86
091    @a16009.53
100    @a19950802d1979 em y0chiy0110 ea
101 0  @achi
102    @aCN@b110000
105    @ay z 000yy
106    @ar
200 1  @a农田基本建设基础知识问答@9Nong Tian Ji Ben Jian She Ji Chu Zhi Shi;Zhi Wen Da @f水利电力部科学技术情报研究所主编
210    @a北京@c中国青年出版社@d1979
215    @a404页@d19cm
606 0  @a农田基本建设@x基本知识
690    @aS28@v3
711 02 @a水利电力部科学技术情报研究所@9shui li dian li bu ke xue ji shu qing bao yan jiu suo@4主编
801  0 @aCN@bAzMarc@c20130904
905    @aBZT@dS28@e3@f6@sS28/3
    
    农田基本建设基础知识问答/水利电力部科学技术情报研究所主编.-北京:中国青年出版社,1979
    404页;19cm
    
    
    ISBN 16009.53:CNY0.86
    
●
相关链接 在五车中查询图书 在当当中查询图书 在豆瓣中查询图书


正题名:农田基本建设基础知识问答     索取号:S28/3         预约/预借

序号 登录号 条形码 馆藏地/架位号 状态 备注
1 2000049578   2000049578   旧书回溯/ [索取号:S28/3] 在馆    
2 2000101741   2000101741   旧书回溯/ [索取号:S28/3] 在馆    
3 2000109440   2000109440   旧书回溯/ [索取号:S28/3] 在馆    
4 2000115485   2000115485   旧书回溯/ [索取号:S28/3] 在馆    
5 2000115818   2000115818   旧书回溯/ [索取号:S28/3] 在馆    
6 2000117739   2000117739   旧书回溯/ [索取号:S28/3] 在馆    
山东省滨州职业学院图书馆 欢迎您!
大连网信软件有限公司© 版权所有